| 000 | 01129cam a2200373 i 4500 | ||
|---|---|---|---|
| 001 | 38567 | ||
| 003 | KOSZ 005 | ||
| 005 | 20220318112938.0 | ||
| 008 | 001009s2000 pl a f f |001 0 pol | ||
| 015 | _aPB 2000/18614 | ||
| 020 | _a8320425573 | ||
| 040 |
_aWA N _cWA N _dKOSZ 005/HR |
||
| 041 | 0 | _apol | |
| 046 | _k2000 | ||
| 080 | _a519.65 | ||
| 080 | _a517.98 | ||
| 080 | _a(075.8) | ||
| 100 | 1 |
_aBiałasiewicz, Jan _d(1936- ) _eAutor |
|
| 245 | 1 | 0 |
_aFalki i aproksymacje / _cJan T. Białasiewicz. |
| 260 |
_aWarszawa : _bWydawnictwa Naukowo-Techniczne, _c2000. |
||
| 300 |
_a253, [1] s., [32] s. tabl. kolor. : _bil. ; _c25 cm. |
||
| 380 | _aKsiążki | ||
| 388 | _a1901-2000 | ||
| 388 | _a1989-2000 | ||
| 504 | _aBibliogr. - Indeks. | ||
| 650 | 4 | _aAproksymacja | |
| 650 | 4 | _aMatlab | |
| 650 | 4 | _aAnaliza falkowa | |
| 655 | 4 | _aPodręczniki akademickie | |
| 658 | _aMatematyka | ||
| 710 | 2 |
_aWydawnictwa Naukowo-Techniczne _4pbl. |
|
| 856 |
_uhttp://koha.tu.koszalin.pl/cgi-bin/koha/opac-detail.pl?biblionumber=38567 _yKatalog online BPK |
||
| 942 |
_2UKD _cKS |
||
| 999 |
_c38567 _d38567 |
||